The story of civilization :

This seventh volume of Will and Ariel Durant's renowned series, The Story of Civilization, chronicles the history of European civilization from 1558 to 1648.

Na minha lista:
Detalhes bibliográficos
Autor principal: Will
Formato: Livro
Idioma:Undetermined
Publicado em: New York Simon and Schuster 1935
Assuntos:
Tags: Adicionar Tag
Sem tags, seja o primeiro a adicionar uma tag!
Thư viện lưu trữ: Trung tâm Học liệu Trường Đại học Cần Thơ
LEADER 00685nam a2200205Ia 4500
001 CTU_217910
008 210402s9999 xx 000 0 und d
082 |a 909 
082 |b W689/P.7 
100 |a Will 
245 4 |a The story of civilization : 
245 0 |c Will, Ariel Durant 
260 |a New York 
260 |b Simon and Schuster 
260 |c 1935 
520 |a This seventh volume of Will and Ariel Durant's renowned series, The Story of Civilization, chronicles the history of European civilization from 1558 to 1648. 
650 |a Civilization,Văn minh 
650 |x History,Lịch sử 
904 |i Qhieu 
980 |a Trung tâm Học liệu Trường Đại học Cần Thơ